000
00232nam a2200097Ia 4500
008
230907s9999||||xx |||||||||||||| ||und||
082
_a
355.8241
_b
SCI
245
4
_a
The science of armour materials /
300
_a
715 p.
942
_c
BK
999
_c
600844
_d
600844